[Event "Navarra-chT"]
[Site "Navarra"]
[Date "2016.11.12"]
[Round "6.1"]
[White "Zamarbide Inarrea, Daniel"]
[Black "Insausti Goni, Sebastian"]
[Result "1-0"]
[WhiteElo "2175"]
[BlackElo "1871"]
[PlyCount "85"]
[EventDate "2016.10.08"]
[EventType "team-tourn"]
[EventRounds "7"]
[EventCountry "ESP"]
[SourceTitle "CBM 175 Extra"]
[Source "ChessBase"]
[SourceDate "2016.12.12"]
[SourceVersion "1"]
[SourceVersionDate "2016.12.12"]
[SourceQuality "1"]
[WhiteTeam "Oberena"]
[BlackTeam "Arrano Elkartea"]
[WhiteTeamCountry "ESP"]
[BlackTeamCountry "ESP"]

1. Nf3 d5 2. d4 Nf6 3. e3 Bf5 4. Be2 e6 5. 0-0 Bd6 6. b3 0-0 7. Bb2 Nbd7 8. Ne5 c5 9. c4 Rc8 10. Nd2 cxd4 11. exd4 dxc4 12. bxc4 Bxe5 13. dxe5 Ne4 14. Nb3 Qc7 15. f3 Nec5 16. Qd4 Rfd8 17. Qe3 Nb8 18. Nd4 a6 19. Nxf5 exf5 20. Rfd1 Ne6 21. f4 Nc6 22. g4 g6 23. gxf5 gxf5 24. Rac1 Kh8 25. Kh1 Qe7 26. Rd6 Qh4 27. Rf1 h5 28. Bxh5 Qxh5 29. Rf3 Nxf4 30. Qxf4 Kg8 31. Rg3+ Kf8 32. Rxd8+ Rxd8 33. Ba3+ Ke8 34. Rg8+ Kd7 35. e6+ fxe6 36. Qd6+ Kc8 37. Qxe6+ Kb8 38. Bd6+ Ka7 39. Bc5+ Kb8 40. Qd6+ Kc8 41. Qe6+ Kb8 42. Qd6+ Ka8 43. Rxd8+ 1-0

[Event "ESP-ch 78th"]
[Site "Linares"]
[Date "2013.09.04"]
[Round "7"]
[White "Lopez Mulet, Inigo"]
[Black "Zamarbide Inarrea, Daniel"]
[Result "1-0"]
[WhiteElo "2120"]
[BlackElo "2213"]
[PlyCount "95"]
[EventDate "2013.08.29"]
[EventType "swiss"]
[EventRounds "9"]
[EventCountry "ESP"]
[SourceTitle "CBM 156 Extra"]
[Source "ChessBase"]
[SourceDate "2013.10.22"]
[SourceVersion "1"]
[SourceVersionDate "2013.10.22"]
[SourceQuality "1"]

1. d4 b6 2. c4 Bb7 3. Nf3 f5 4. g3 g6 5. Bg2 Bg7 6. 0-0 Nh6 7. Nc3 Nf7 8. c5 0-0 9. Rb1 bxc5 10. dxc5 Na6 11. Be3 Bc6 12. Qd3 Nb4 13. Qd2 e6 14. a3 Nd5 15. Nxd5 Bxd5 16. Ng5 Bxg2 17. Kxg2 Qe7 18. Nxf7 Rxf7 19. Rfd1 e5 20. Qd5 c6 21. Qc4 g5 22. Bd2 g4 23. Be1 Kh8 24. Rd6 Rg8 25. Rbd1 Qe8 26. Bc3 f4 27. Qe4 f3+ 28. exf3 gxf3+ 29. Kg1 Rgf8 30. Qg4 e4 31. Rxd7 Bxc3 32. Rxf7 Qxf7 33. bxc3 Qf5 34. Qh4 Rf6 35. g4 Qf4 36. Qg3 Qg5 37. Qb8+ Kg7 38. Qg3 e3 39. fxe3 f2+ 40. Kf1 Qxc5 41. e4 Qb5+ 42. Qd3 Qe5 43. Qe3 h6 44. g5 hxg5 45. Qh3 Rf7 46. Rd8 Qb5+ 47. Qd3 Qxd3+ 48. Rxd3 1-0

[Event "ESP-ch 78th"]
[Site "Linares"]
[Date "2013.09.01"]
[Round "4"]
[White "Zamarbide Inarrea, Daniel"]
[Black "Alvarado Diaz, Alejandro"]
[Result "0-1"]
[WhiteElo "2213"]
[BlackElo "2313"]
[PlyCount "58"]
[EventDate "2013.08.29"]
[EventType "swiss"]
[EventRounds "9"]
[EventCountry "ESP"]
[SourceTitle "CBM 156 Extra"]
[Source "ChessBase"]
[SourceDate "2013.10.22"]
[SourceVersion "1"]
[SourceVersionDate "2013.10.22"]
[SourceQuality "1"]

1. f4 d5 2. b3 Nf6 3. Bb2 c6 4. e3 a5 5. a4 Bf5 6. Nf3 e6 7. Be2 Na6 8. 0-0 Bc5 9. Nd4 h5 10. Bxa6 Rxa6 11. d3 h4 12. Nd2 h3 13. g3 Bg4 14. Qe1 Nd7 15. N2f3 Rh5 16. Ne5 Nxe5 17. fxe5 Rxe5 18. Qf2 Qf6 19. Qxf6 gxf6 20. Rae1 Bb4 21. c3 Be7 22. Rf4 Rg5 23. Nf3 Rg8 24. d4 Bd6 25. Kf2 Bxf4 26. exf4 Bxf3 27. Kxf3 Rb6 28. g4 Rxb3 29. Re2 b6 0-1

[Event "ESP-ch 77th"]
[Site "San Agustin"]
[Date "2012.10.03"]
[Round "5"]
[White "Moreno Tejera, Emilio"]
[Black "Zamarbide Inarrea, Daniel"]
[Result "1-0"]
[WhiteElo "2358"]
[BlackElo "2192"]
[PlyCount "55"]
[EventDate "2012.09.29"]
[EventType "swiss"]
[EventRounds "9"]
[EventCountry "ESP"]
[SourceTitle "EXT 2014"]
[Source "ChessBase"]
[SourceDate "2013.11.20"]
[SourceVersion "1"]
[SourceVersionDate "2013.11.20"]
[SourceQuality "1"]

1. e4 e6 2. d3 d5 3. Nd2 c5 4. Ngf3 Nc6 5. g3 Qc7 6. Bg2 Be7 7. 0-0 Bd7 8. Re1 0-0-0 9. a3 h5 10. b4 cxb4 11. exd5 exd5 12. Nb3 bxa3 13. Bxa3 Bxa3 14. Rxa3 Nf6 15. Qa1 h4 16. Nbd4 a6 17. Nxc6 Bxc6 18. Ne5 Kb8 19. Rb1 Ka7 20. Qd4+ Ka8 21. Rb6 Rd6 22. Raxa6+ bxa6 23. Rxa6+ Kb8 24. Qb4+ Kc8 25. Bh3+ Nd7 26. Nxc6 Qxc6 27. Rxc6+ Rxc6 28. Qa4 1-0

[Event "ESP-ch 77th"]
[Site "San Agustin"]
[Date "2012.10.01"]
[Round "3"]
[White "Cruz Ramirez, Nauzet"]
[Black "Zamarbide Inarrea, Daniel"]
[Result "0-1"]
[WhiteElo "1760"]
[BlackElo "2192"]
[PlyCount "64"]
[EventDate "2012.09.29"]
[EventType "swiss"]
[EventRounds "9"]
[EventCountry "ESP"]
[SourceTitle "EXT 2014"]
[Source "ChessBase"]
[SourceDate "2013.11.20"]
[SourceVersion "1"]
[SourceVersionDate "2013.11.20"]
[SourceQuality "1"]

1. d4 g6 2. c4 Bg7 3. Nc3 c5 4. d5 Bxc3+ 5. bxc3 f5 6. Nf3 Nf6 7. Bh6 d6 8. Bg7 Rg8 9. Bxf6 exf6 10. e3 Kf7 11. Bd3 Qa5 12. Qd2 Nd7 13. 0-0 Nb6 14. Qc2 Bd7 15. Nd2 Ba4 16. Qb2 Qa6 17. e4 Rab8 18. exf5 Nxd5 19. fxg6+ hxg6 20. Bxg6+ Rxg6 21. cxd5 Qd3 22. c4 Qh3 23. g3 Bd7 24. Rfe1 Rh6 25. Nf3 Bg4 26. Ne5+ fxe5 27. f4 Rg6 28. fxe5 Ke8 29. Qf2 Qh7 30. h4 Bh3 31. Qf4 Bf1 32. Rxf1 Qg7 0-1

[Event "ESP-ch Autonomicas"]
[Site "Gijon"]
[Date "2011.04.30"]
[Round "3.4"]
[White "Arnedo Ruiz, Alberto"]
[Black "Zamarbide Inarrea, Daniel"]
[Result "1-0"]
[WhiteElo "2019"]
[BlackElo "2228"]
[PlyCount "87"]
[EventDate "2011.04.29"]
[EventType "team-swiss"]
[EventRounds "6"]
[EventCountry "ESP"]
[SourceTitle "CBM 142 Extra"]
[Source "ChessBase"]
[SourceDate "2011.06.27"]
[SourceVersion "1"]
[SourceVersionDate "2011.06.27"]
[SourceQuality "1"]
[WhiteTeam "La Rioja"]
[BlackTeam "Navarra"]
[WhiteTeamCountry "ESP"]
[BlackTeamCountry "ESP"]

1. e4 c5 2. Nf3 d6 3. Bb5+ Nc6 4. 0-0 Bd7 5. Re1 Qc7 6. c3 a6 7. Bf1 e5 8. d4 Be7 9. a4 h6 10. Na3 Rb8 11. Nc4 a5 12. d5 Nd8 13. Nfxe5 dxe5 14. d6 Bxd6 15. Nxd6+ Ke7 16. Nc4 Be6 17. Ne3 g6 18. Bc4 Bxc4 19. Nxc4 Ne6 20. Qd5 f6 21. Ne3 Kf7 22. Qc4 Ne7 23. f4 exf4 24. Nd5 Qc6 25. Bxf4 Rbd8 26. Rad1 Qa6 27. Qxa6 bxa6 28. Bg3 Rhe8 29. Rf1 Nxd5 30. exd5 Ng5 31. Bc7 Rd7 32. Bxa5 c4 33. Rd4 Re2 34. Rxc4 Rxd5 35. Rc7+ Ke8 36. Rc8+ Kf7 37. Rc7+ Kg8 38. Rc8+ Kg7 39. Bd8 Ne4 40. Rc7+ Kg8 41. Bxf6 Nxf6 42. Rxf6 Rd1+ 43. Rf1 Rdd2 44. Rc8+ 1-0

[Event "Pamplona"]
[Site "Pamplona"]
[Date "2010.12.25"]
[Round "4"]
[White "Zamarbide Inarrea, Daniel"]
[Black "Larino Nieto, David"]
[Result "0-1"]
[WhiteElo "2197"]
[BlackElo "2451"]
[PlyCount "200"]
[EventDate "2010.12.22"]
[EventType "tourn"]
[EventRounds "9"]
[EventCountry "ESP"]
[EventCategory "1"]
[SourceTitle "EXT 2012"]
[Source "ChessBase"]
[SourceDate "2011.11.24"]
[SourceVersion "1"]
[SourceVersionDate "2011.11.24"]
[SourceQuality "1"]

1. e4 e6 2. d4 d5 3. Nc3 Nf6 4. Bg5 Bb4 5. e5 h6 6. Bd2 Bxc3 7. bxc3 Ne4 8. Qg4 Kf8 9. Bd3 Nxd2 10. Kxd2 c5 11. Nf3 Nc6 12. dxc5 Qa5 13. Rhe1 Qxc5 14. Nd4 Bd7 15. Nxc6 Bxc6 16. Qd4 b6 17. f3 Rc8 18. Qxc5+ bxc5 19. c4 d4 20. Rab1 Ke7 21. Be4 Bxe4 22. Rxe4 Rb8 23. Ree1 f6 24. f4 Rhf8 25. Kd3 fxe5 26. fxe5 Kd7 27. Rf1 Rxf1 28. Rxf1 Ke7 29. c3 Rb2 30. cxd4 cxd4 31. Kxd4 Rxg2 32. Rb1 Rxh2 33. Rb7+ Kf8 34. Rxa7 h5 35. Kc5 Rd2 36. a4 h4 37. a5 Kg8 38. Rb7 Ra2 39. Kd6 g5 40. Kxe6 h3 41. Kf5 h2 42. Rb1 Rg2 43. a6 Rg1 44. a7 h1Q 45. Rxg1 Qh7+ 46. Ke6 Qxa7 47. Rxg5+ Kf8 48. Rf5+ Ke8 49. Kd5 Qb7+ 50. Kd4 Qd7+ 51. Ke4 Qh7 52. e6 Ke7 53. Ke5 Qg7+ 54. Kd5 Qg2+ 55. Kc5 Qg1+ 56. Kd5 Qd1+ 57. Kc5 Qd6+ 58. Kb5 Kxe6 59. Rd5 Qb8+ 60. Kc5 Ke7 61. Kd4 Qb4 62. Kd3 Qb2 63. Rb5 Qa3+ 64. Kd4 Kd6 65. c5+ Kc7 66. Rb6 Qa4+ 67. Kd5 Qd1+ 68. Kc4 Qc2+ 69. Kd4 Qe2 70. Rd6 Qb5 71. Rb6 Qa4+ 72. Kd5 Qf4 73. Rd6 Qe3 74. Kc4 Qe2+ 75. Kd4 Qb2+ 76. Kc4 Qc2+ 77. Kd4 Qa4+ 78. Kd5 Qb3+ 79. Kd4 Qb4+ 80. Kd5 Qc3 81. Rc6+ Kb7 82. Rb6+ Ka7 83. Kc6 Qd3 84. Rb7+ Ka6 85. Rb6+ Ka5 86. Rb7 Qd8 87. Rb6 Qa8+ 88. Kd6 Qe4 89. Rc6 Qd4+ 90. Kc7 Kb5 91. Rb6+ Kxc5 92. Rc6+ Kb5 93. Rd6 Qa7+ 94. Kd8 Kc5 95. Re6 Kd5 96. Rf6 Qb7 97. Rh6 Qa8+ 98. Kd7 Qa4+ 99. Kd8 Qf4 100. Ra6 Qb8+ 0-1

[Event "Pamplona"]
[Site "Pamplona"]
[Date "2010.12.24"]
[Round "3"]
[White "Lillo Castany, Victor"]
[Black "Zamarbide Inarrea, Daniel"]
[Result "1-0"]
[WhiteElo "2287"]
[BlackElo "2197"]
[PlyCount "81"]
[EventDate "2010.12.22"]
[EventType "tourn"]
[EventRounds "9"]
[EventCountry "ESP"]
[EventCategory "1"]
[SourceTitle "EXT 2012"]
[Source "ChessBase"]
[SourceDate "2011.11.24"]
[SourceVersion "1"]
[SourceVersionDate "2011.11.24"]
[SourceQuality "1"]

1. e4 e5 2. Nf3 d6 3. d4 exd4 4. Nxd4 Nf6 5. Nc3 Be7 6. g3 0-0 7. Bg2 Bd7 8. 0-0 Nc6 9. Nf5 Bxf5 10. exf5 Nd7 11. Nd5 Nb6 12. Nxe7+ Qxe7 13. Qg4 Ne5 14. Qh5 d5 15. Bd2 f6 16. a4 a5 17. Rfe1 Qd7 18. b3 Rfe8 19. Rad1 c6 20. f4 Nf7 21. Rxe8+ Qxe8 22. Re1 Qf8 23. Qe2 Nd7 24. Qe7 Nc5 25. Qc7 Nd6 26. Bxd5+ Kh8 27. Bg2 Nxf5 28. Bxa5 h6 29. Bb4 Na6 30. Bxf8 Nxc7 31. Bc5 Na6 32. Bb6 Nb4 33. Re2 g6 34. g4 Nh4 35. Bd4 Kg7 36. Re7+ Kf8 37. Rxb7 Nxc2 38. Bc5+ Kg8 39. Bxc6 Rc8 40. Bd5+ Kh8 41. Be7 1-0

[Event "ESP-ch"]
[Site "El Sauzal"]
[Date "2010.09.10"]
[Round "7"]
[White "Zamarbide Inarrea, Daniel"]
[Black "Cabrera Trujillo, Jorge Juan"]
[Result "0-1"]
[WhiteElo "2197"]
[BlackElo "2384"]
[PlyCount "32"]
[EventDate "2010.09.04"]
[EventType "swiss"]
[EventRounds "9"]
[EventCountry "ESP"]
[SourceTitle "CBM 138 Extra"]
[Source "ChessBase"]
[SourceDate "2010.10.29"]
[SourceVersion "1"]
[SourceVersionDate "2010.10.29"]
[SourceQuality "1"]

1. e4 c5 2. Nf3 d6 3. d4 cxd4 4. Nxd4 Nf6 5. f3 e5 6. Nb3 Nc6 7. c4 a5 8. Be3 a4 9. Nc1 Be7 10. Nc3 Qa5 11. Qd2 0-0 12. Be2 Bd8 13. Nb5 Qa6 14. 0-0 Bb6 15. c5 Bxc5 16. Nxd6 Qa5 0-1

[Event "ESP-ch"]
[Site "El Sauzal"]
[Date "2010.09.05"]
[Round "2"]
[White "Recuero Guerra, David"]
[Black "Zamarbide Inarrea, Daniel"]
[Result "1-0"]
[WhiteElo "2457"]
[BlackElo "2197"]
[PlyCount "175"]
[EventDate "2010.09.04"]
[EventType "swiss"]
[EventRounds "9"]
[EventCountry "ESP"]
[SourceTitle "CBM 138 Extra"]
[Source "ChessBase"]
[SourceDate "2010.10.29"]
[SourceVersion "1"]
[SourceVersionDate "2010.10.29"]
[SourceQuality "1"]

1. e4 e5 2. Nf3 d6 3. d4 exd4 4. Nxd4 Nf6 5. Nc3 Be7 6. g3 Nc6 7. Bg2 Bd7 8. Nde2 0-0 9. 0-0 Re8 10. h3 Bf8 11. g4 g6 12. Ng3 Be6 13. Nd5 Nd7 14. b3 Bg7 15. Rb1 Bxd5 16. exd5 Nb4 17. Qd2 a5 18. a3 Na6 19. Qxa5 Nac5 20. Qd2 Nf6 21. Qf4 Nfd7 22. a4 b5 23. axb5 Ra2 24. b4 Na4 25. Qc4 Nc3 26. Bb2 Nb6 27. Qb3 Rxb2 28. Rxb2 Nba4 29. Ra2 Nxa2 30. Qxa2 Nc3 31. Qc4 Qb8 32. Ne4 Nxb5 33. g5 Nd4 34. c3 Nf5 35. Re1 h6 36. Qc6 Kf8 37. Ra1 hxg5 38. Nxg5 Qd8 39. Nf3 Qf6 40. Qxc7 Qxc3 41. Qxc3 Bxc3 42. Rb1 Nd4 43. Nxd4 Bxd4 44. b5 Bb6 45. Bf3 Rc8 46. Rb2 Rc5 47. Kg2 Ke7 48. Kg3 Kf6 49. h4 Kf5 50. Rb4 Kf6 51. Be4 Rc3+ 52. Kg2 Rc5 53. f4 Rc3 54. Bb1 Rc5 55. Be4 Rc3 56. Rb2 Rc4 57. Kf3 Rc3+ 58. Kg2 Rc4 59. Kf3 Rc3+ 60. Kg4 Rc4 61. Bg2 Rc3 62. Bf3 Rc5 63. Rb3 Rc4 64. Be2 Rc5 65. Ra3 Rc8 66. Ra6 Rb8 67. Bd3 Bc5 68. Rc6 Rb6 69. Rc8 Kg7 70. f5 Rb7 71. Re8 Ra7 72. fxg6 Ra4+ 73. Kg5 fxg6 74. Bxg6 Ra1 75. Re7+ Kf8 76. Rf7+ Kg8 77. h5 Rg1+ 78. Kf6 Re1 79. Rg7+ Kf8 80. Rf7+ Kg8 81. Bh7+ Kh8 82. Bf5 Bd4+ 83. Kg5 Kg8 84. Rb7 Rg1+ 85. Kf4 Rh1 86. Bg6 Rh4+ 87. Kg5 Rh1 88. Rb8+ 1-0

[Event "ESP-chT Autonomicas 5th"]
[Site "Tossa de Mar"]
[Date "2010.05.01"]
[Round "5.34"]
[White "Zamarbide Inarrea, Daniel"]
[Black "Astasio Lopez, David"]
[Result "1-0"]
[WhiteElo "2162"]
[BlackElo "2303"]
[PlyCount "121"]
[EventDate "2010.04.29"]
[EventType "team-swiss"]
[EventRounds "6"]
[EventCountry "ESP"]
[SourceTitle "CBM 136 Extra"]
[Source "ChessBase"]
[SourceDate "2010.07.02"]
[SourceVersion "2"]
[SourceVersionDate "2010.07.15"]
[SourceQuality "1"]
[WhiteTeam "Navarra"]
[BlackTeam "Euskadi"]
[WhiteTeamCountry "ESP"]
[BlackTeamCountry "ESP"]

1. e4 c5 2. Nf3 e6 3. d4 cxd4 4. Nxd4 Nf6 5. Nc3 Nc6 6. Ndb5 Bb4 7. a3 Bxc3+ 8. Nxc3 d5 9. Bd3 Ne5 10. Bg5 0-0 11. exd5 exd5 12. 0-0 Be6 13. Qe2 Nxd3 14. Qxd3 h6 15. Bh4 Rc8 16. Rad1 Rc4 17. Qxc4 dxc4 18. Rxd8 Rxd8 19. Bxf6 gxf6 20. Rd1 Rc8 21. f3 Rc6 22. Rd2 Rb6 23. Nd1 c3 24. Rd8+ Kg7 25. b4 Ra6 26. Nxc3 Rxa3 27. Rd3 Bc4 28. Re3 Ra1+ 29. Kf2 Rc1 30. Kg3 Rxc2 31. Ne4 Bf1 32. Nf2 Rb2 33. Re4 f5 34. Rf4 Kg6 35. Rd4 b5 36. h4 h5 37. Rd6+ f6 38. Rd4 a6 39. Nd1 Rxg2+ 40. Kf4 Rh2 41. Kg3 Re2 42. Kf4 Rh2 43. Kg3 Rh3+ 44. Kf2 Rh1 45. Ne3 Bh3 46. Nd5 Bf1 47. Rd1 Rxh4 48. Kxf1 Rc4 49. Kf2 f4 50. Ke2 Kf5 51. Rh1 Ke5 52. Rxh5+ f5 53. Ne7 Ke6 54. Nxf5 Rxb4 55. Kd3 Kd7 56. Nd4 Rb1 57. Rh6 a5 58. Rh5 a4 59. Rxb5 Re1 60. Rd5+ Kc8 61. Nc2 1-0

[Event "Pamplona op 19th"]
[Site "Pamplona"]
[Date "2009.12.02"]
[Round "2"]
[White "Zamarbide Inarrea, Daniel"]
[Black "Berube, Antoine"]
[Result "1-0"]
[WhiteElo "2176"]
[BlackElo "2151"]
[PlyCount "87"]
[EventDate "2009.12.01"]
[EventType "swiss"]
[EventRounds "7"]
[EventCountry "ESP"]
[SourceTitle "CBM 133 Extra"]
[Source "ChessBase"]
[SourceDate "2010.01.05"]
[SourceVersion "1"]
[SourceVersionDate "2010.01.05"]
[SourceQuality "1"]

1. e4 c5 2. Nf3 d6 3. d4 cxd4 4. Nxd4 Nf6 5. f3 Nc6 6. Nc3 e6 7. Be3 Be7 8. Qd2 a6 9. 0-0-0 0-0 10. g4 Nxd4 11. Bxd4 Nd7 12. f4 b5 13. Bg2 Bb7 14. h4 Qc7 15. Kb1 Nc5 16. e5 b4 17. exd6 bxc3 18. dxc7 cxd2 19. Bxc5 Bxg2 20. Bxe7 Bxh1 21. Bxf8 Bf3 22. Rxd2 Rxf8 23. Rd8 Bb7 24. b4 f5 25. gxf5 exf5 26. c4 Kf7 27. Rb8 Bc8 28. b5 Ke7 29. b6 Kd7 30. b7 Kxc7 31. Rxc8+ Rxc8 32. bxc8Q+ Kxc8 33. Kc2 Kd7 34. Kc3 Kc6 35. Kd4 Kd6 36. h5 Kc6 37. c5 Kc7 38. Kd5 Kd7 39. c6+ Kc7 40. Kc5 g6 41. hxg6 hxg6 42. Kd5 a5 43. a4 Kc8 44. Kd6 1-0

[Event "Pamplona San Juan op 3rd"]
[Site "Pamplona"]
[Date "2009.07.28"]
[Round "2"]
[White "Strikovic, Aleksa"]
[Black "Zamarbide Inarrea, Daniel"]
[Result "1-0"]
[WhiteElo "2523"]
[BlackElo "2176"]
[PlyCount "47"]
[EventDate "2009.07.27"]
[EventType "swiss"]
[EventRounds "9"]
[EventCountry "ESP"]
[SourceTitle "CBM 131 Extra"]
[Source "ChessBase"]
[SourceDate "2009.09.03"]
[SourceVersion "2"]
[SourceVersionDate "2009.09.16"]
[SourceQuality "1"]

1. c4 e5 2. g3 Nf6 3. Bg2 Nc6 4. Nf3 h6 5. 0-0 g6 6. d4 d6 7. dxe5 dxe5 8. Qxd8+ Kxd8 9. Rd1+ Ke8 10. Nc3 Be6 11. Nd5 Bxd5 12. cxd5 Rd8 13. e4 Nxe4 14. Re1 Rxd5 15. Rxe4 Bg7 16. Be3 Ke7 17. Rc4 Rhd8 18. Ne1 Rd1 19. Rcc1 Rxc1 20. Rxc1 Rd7 21. Bxc6 bxc6 22. Rxc6 e4 23. b3 Kd8 24. Kf1 1-0

[Event "ESP-ch U18"]
[Site "Granada"]
[Date "2009.07.26"]
[Round "9"]
[White "Zamarbide Inarrea, Daniel"]
[Black "Gomez Dominguez, Xabier"]
[Result "0-1"]
[WhiteElo "2176"]
[BlackElo "2031"]
[PlyCount "106"]
[EventDate "2009.07.20"]
[EventType "swiss"]
[EventRounds "9"]
[EventCountry "ESP"]
[SourceTitle "CBM 131 Extra"]
[Source "ChessBase"]
[SourceDate "2009.09.03"]
[SourceVersion "2"]
[SourceVersionDate "2009.09.16"]
[SourceQuality "1"]

1. e4 c5 2. Nf3 g6 3. Nc3 Bg7 4. d4 cxd4 5. Nxd4 Nc6 6. Be3 Nf6 7. Bc4 Qa5 8. 0-0 0-0 9. Bb3 d6 10. f3 Bd7 11. Qd2 Nxd4 12. Bxd4 b5 13. Rad1 Qc7 14. Bxf6 Bxf6 15. Nd5 Qc5+ 16. Kh1 Kg7 17. Nxf6 Kxf6 18. e5+ Qxe5 19. Rfe1 Qxb2 20. Qf4+ Kg7 21. Rxe7 Be8 22. Qxd6 Qf6 23. Qc7 a5 24. Re6 Qf5 25. Qb7 a4 26. Qxa8 fxe6 27. Qb7+ Rf7 28. Qc8 Re7 29. Qd8 Kf7 30. h3 axb3 31. cxb3 Qc2 32. Qd4 Rd7 33. Qf4+ Qf5 34. Rxd7+ Bxd7 35. Qc7 Ke7 36. Qc3 Qf6 37. Qc5+ Ke8 38. a3 Qb2 39. Qb4 e5 40. Qd6 g5 41. a4 bxa4 42. bxa4 e4 43. Qd5 Qc1+ 44. Kh2 Qf4+ 45. g3 Qxf3 46. Qxg5 e3 47. Qg8+ Qf8 48. Qxf8+ Kxf8 49. Kg2 Bxh3+ 50. Kf3 Bd7 51. a5 e2 52. Kxe2 Ke7 53. Ke3 Kd6 0-1

[Event "ESP-ch U18"]
[Site "Granada"]
[Date "2009.07.23"]
[Round "6"]
[White "Zamarbide Inarrea, Daniel"]
[Black "Remoli Sargues, Lidia"]
[Result "1-0"]
[WhiteElo "2176"]
[BlackElo "2002"]
[PlyCount "115"]
[EventDate "2009.07.20"]
[EventType "swiss"]
[EventRounds "9"]
[EventCountry "ESP"]
[SourceTitle "CBM 131 Extra"]
[Source "ChessBase"]
[SourceDate "2009.09.03"]
[SourceVersion "2"]
[SourceVersionDate "2009.09.16"]
[SourceQuality "1"]

1. e4 c5 2. Nf3 Nc6 3. Bb5 g6 4. c3 Nf6 5. e5 Nd5 6. Qa4 Nc7 7. Be2 Bg7 8. d4 cxd4 9. cxd4 0-0 10. Bf4 Nd5 11. Bg3 Qb6 12. Qb3 Nxd4 13. Nxd4 Qxd4 14. 0-0 Nf4 15. Bf3 Qxe5 16. Nc3 Qg5 17. Qc4 Ne6 18. Nd5 Bf6 19. h4 Qh6 20. Nxf6+ exf6 21. a4 a5 22. b4 axb4 23. Qxb4 Ra6 24. Rfc1 Ng7 25. Bxb7 Bxb7 26. Qxb7 Rxa4 27. Bd6 Rxh4 28. g3 Re8 29. gxh4 Qxh4 30. Rc8 Qg4+ 31. Bg3 h5 32. Rxe8+ Nxe8 33. Ra8 h4 34. Rxe8+ Kg7 35. Qe4 Qd1+ 36. Qe1 Qxe1+ 37. Rxe1 hxg3 38. fxg3 Kf8 39. Kf2 f5 40. Kf3 f6 41. Kf4 Kf7 42. Re3 Kf8 43. Re2 Kf7 44. Re1 Kf8 45. g4 fxg4 46. Kxg4 Kf7 47. Kf4 Kf8 48. Ke4 Kf7 49. Kd5 f5 50. Ke5 d6+ 51. Kxd6 g5 52. Ke5 Kg6 53. Rf1 f4 54. Ke4 Kh5 55. Kf3 Kg6 56. Kg4 Kf6 57. Re1 Kg6 58. Re5 1-0

[Event "ESP-chT Autonomicas 4th"]
[Site "Villava"]
[Date "2009.05.01"]
[Round "2"]
[White "Arribas Lopez, Angel"]
[Black "Zamarbide Inarrea, Daniel"]
[Result "1-0"]
[WhiteElo "2379"]
[BlackElo "2150"]
[PlyCount "103"]
[EventDate "2009.04.30"]
[EventType "team-tourn"]
[EventRounds "6"]
[EventCountry "ESP"]
[SourceTitle "CBM 130 Extra"]
[Source "ChessBase"]
[SourceDate "2009.07.02"]
[SourceVersion "2"]
[SourceVersionDate "2009.07.15"]
[SourceQuality "1"]

1. e4 c5 2. Nf3 d6 3. d4 cxd4 4. Nxd4 Nf6 5. Nc3 Nc6 6. Bg5 Bd7 7. Qd2 Rc8 8. Nxc6 Bxc6 9. Bxf6 gxf6 10. 0-0-0 Qa5 11. Kb1 e6 12. f4 a6 13. Be2 f5 14. exf5 Qxf5 15. Bd3 Qc5 16. f5 Bg7 17. fxe6 0-0 18. exf7+ Rxf7 19. Rhf1 Be8 20. Nd5 Kh8 21. Bf5 Qb5 22. Qb4 Qxb4 23. Nxb4 Rc4 24. a3 a5 25. Nd5 Rc5 26. g4 Bc6 27. Nf4 Rb5 28. b3 Be5 29. h4 Be4 30. Bxe4 Rxf4 31. Rxf4 Bxf4 32. Rf1 Bg3 33. Rf7 Re5 34. Bxh7 Re1+ 35. Kb2 Be5+ 36. c3 Re3 37. g5 Rxc3 38. g6 Rh3+ 39. Kc2 Rxh4 40. Rxb7 Rf4 41. b4 a4 42. Ra7 Rf2+ 43. Kd1 Ra2 44. Rxa4 Bb2 45. Ra8+ Kg7 46. Kc2 Be5+ 47. Kb3 Rb2+ 48. Kc4 Rc2+ 49. Kd5 Ra2 50. b5 Rd2+ 51. Ke6 Bb2 52. b6 1-0

[Event "Pamplona op"]
[Site "Pamplona"]
[Date "2008.12.23"]
[Round "3"]
[White "Arribas Lopez, Angel"]
[Black "Zamarbide Inarrea, Daniel"]
[Result "1-0"]
[WhiteElo "2334"]
[BlackElo "2079"]
[PlyCount "55"]
[EventDate "2008.12.22"]
[EventType "swiss"]
[EventRounds "9"]
[EventCountry "ESP"]
[SourceTitle "CBM 127 Extra"]
[Source "ChessBase"]
[SourceDate "2009.01.08"]
[SourceVersion "2"]
[SourceVersionDate "2009.01.28"]
[SourceQuality "1"]

1. e4 e6 2. d4 d5 3. Nc3 Nc6 4. Nf3 Nf6 5. e5 Ne4 6. Ne2 f6 7. Ng3 Bd7 8. Bb5 Qe7 9. Bxc6 Bxc6 10. 0-0 0-0-0 11. c3 Qf7 12. a4 Be7 13. Qd3 f5 14. b4 b6 15. b5 Bb7 16. a5 g5 17. Ne2 Rdg8 18. Ne1 g4 19. Qc2 h5 20. Nd3 h4 21. axb6 axb6 22. Ra7 g3 23. fxg3 hxg3 24. h3 Qe8 25. Qa4 Nf2 26. Ndf4 Bd8 27. Rxb7 Kxb7 28. Qa6+ 1-0

[Event "Pamplona op"]
[Site "Pamplona"]
[Date "2007.12.24"]
[Round "4"]
[White "Zamarbide Inarrea, Daniel"]
[Black "Calzetta Ruiz, Monica"]
[Result "0-1"]
[WhiteElo "2054"]
[BlackElo "2287"]
[PlyCount "88"]
[EventDate "2007.12.22"]
[EventType "swiss"]
[EventRounds "9"]
[EventCountry "ESP"]
[SourceTitle "CBM 121 Extra"]
[Source "ChessBase"]
[SourceDate "2008.01.10"]
[SourceVersion "1"]
[SourceVersionDate "2008.01.10"]
[SourceQuality "1"]

1. e4 c5 2. Nf3 g6 3. d4 Bg7 4. dxc5 Qa5+ 5. Nc3 Nf6 6. Nd2 Qxc5 7. Nc4 0-0 8. e5 Ng4 9. Qxg4 d5 10. Be3 Bxg4 11. Bxc5 dxc4 12. f4 Nc6 13. Bxc4 Rfc8 14. Bd5 e6 15. Bxc6 Rxc6 16. Be7 Re8 17. Bh4 Rc4 18. 0-0 Bf5 19. g3 Bxc2 20. Rf2 Bf5 21. Rd1 h6 22. Nb5 Rec8 23. Nd6 Rc1 24. Rxc1 Rxc1+ 25. Kg2 Bb1 26. b3 b6 27. Kh3 Rg1 28. Be7 g5 29. fxg5 hxg5 30. Bxg5 Bxe5 31. Nxf7 Bd4 32. Nh6+ Kg7 33. Rf3 Kg6 34. Kh4 Rg2 35. h3 Rxa2 36. Rf8 Ra5 37. Rg8+ Kh7 38. Re8 Re5 39. Ng4 Re4 40. Kh5 Kg7 41. Re7+ Kf8 42. Rxa7 b5 43. Ra8+ Kg7 44. Ra7+ Bxa7 0-1